|
|
|
|
| LEADER |
02719nam a2200625 a 4500 |
| 001 |
nkc20091850746 |
| 003 |
CZ PrNK |
| 005 |
20090810110537.0 |
| 007 |
ta |
| 008 |
090112s2008 xr ach e 000 0dcze |
| 015 |
|
|
|a cnb001850746
|
| 020 |
|
|
|a 978-80-7394-147-5
|q (brož.)
|
| 035 |
|
|
|a (OCoLC)432994604
|
| 040 |
|
|
|a OLA001
|b cze
|d ABA001
|
| 043 |
|
|
|a e-xr---
|
| 045 |
|
|
|a w-w-
|
| 072 |
|
7 |
|a 27-1/-2
|x Křesťanská teologie. Dogmatická teologie
|2 Konspekt
|9 5
|
| 080 |
|
|
|a 2-18
|2 MRF
|
| 080 |
|
|
|a 272-1
|2 MRF
|
| 080 |
|
|
|a 27-285.2
|2 MRF
|
| 080 |
|
|
|a 27-662
|2 MRF
|
| 080 |
|
|
|a 141.30-022.344
|2 MRF
|
| 080 |
|
|
|a (437.3)
|2 MRF
|
| 080 |
|
|
|a (048.8)
|2 MRF
|
| 100 |
1 |
|
|a Veber, Tomáš,
|d 1979-2023
|7 js20060120106
|4 aut
|
| 245 |
1 |
0 |
|a Teolog - polemik Antonín Lenz (1829-1901) :
|b počátky teologické antropologie v českých zemích v 19. století /
|c Tomáš Veber
|
| 246 |
3 |
0 |
|a Počátky teologické antropologie v českých zemích v 19. století
|
| 250 |
|
|
|a Vyd. 1.
|
| 260 |
|
|
|a České Budějovice :
|b Jihočeská univerzita v Českých Budějovicích,
|c 2008
|
| 300 |
|
|
|a 96 s. :
|b il., portréty, faksim. ;
|c 25 cm
|
| 490 |
1 |
|
|a Scientia ;
|v sv. 2
|
| 500 |
|
|
|a Na obálce pod názvem: Jihočeská univerzita v Českých Budějovicích, Teologická fakulta
|
| 504 |
|
|
|a Obsahuje bibliografii a bibliografické odkazy
|
| 600 |
1 |
7 |
|a Lenz, Antonín,
|d 1829-1901
|7 jk01071874
|2 czenas
|
| 648 |
|
7 |
|a 19. století
|7 ch460557
|2 czenas
|
| 650 |
0 |
7 |
|a teologická antropologie
|7 ph255082
|z Česko
|y 19. století
|2 czenas
|
| 650 |
0 |
7 |
|a katolická teologie
|7 ph114892
|z Česko
|y 19. století
|2 czenas
|
| 650 |
0 |
7 |
|a křesťanská apologetika
|7 ph115055
|z Česko
|y 19. století
|2 czenas
|
| 650 |
0 |
7 |
|a sociální nauka církve
|7 ph138523
|y 19. století
|2 czenas
|
| 650 |
0 |
7 |
|a novotomismus
|7 ph117242
|y 19. století
|2 czenas
|
| 650 |
0 |
9 |
|a theological anthropology
|z Czechia
|y 19th century
|2 eczenas
|
| 650 |
0 |
9 |
|a Catholic theology
|z Czechia
|y 19th century
|2 eczenas
|
| 650 |
0 |
9 |
|a Christian apologetics
|z Czechia
|y 19th century
|2 eczenas
|
| 650 |
0 |
9 |
|a social doctrine of the Church
|y 19th century
|2 eczenas
|
| 650 |
0 |
9 |
|a neo-Thomism
|y 19th century
|2 eczenas
|
| 655 |
|
7 |
|a studie
|7 fd133597
|2 czenas
|
| 655 |
|
9 |
|a studies
|2 eczenas
|
| 710 |
2 |
|
|a Jihočeská univerzita.
|b Teologická fakulta
|7 kn20010710224
|
| 810 |
2 |
|
|a Jihočeská univerzita.
|b Teologická fakulta.
|t Scientia
|0 s
|
| 856 |
4 |
1 |
|u http://www.digitalniknihovna.cz/mzk/uuid/uuid:a23a4560-4ae8-11ee-923a-005056827e51
|y Digitalizovaný dokument
|x NDK
|
| 910 |
2 |
|
|a BOA001
|b 3-1224.481
|
| 990 |
|
|
|a BK
|
| 995 |
|
|
|a 01
|
| 991 |
|
|
|b 200907
|c NOV
|j 27 VEB
|
| 996 |
6 |
|
|b 2610379877
|c 3-1224.481
|l MZK
|r Sklad / do 1 hodiny
|n 1
|p p.v.
|w 000941455
|u 000010
|a 1
|e BOA001
|j MZK50
|s P
|